¿Qué es un discurso argumentativo razonable?: algunas consideraciones teórico-metodológicas /

Sábháilte in:
Sonraí bibleagrafaíochta
Príomhchruthaitheoir: López, Celso
Formáid: LEABHAR
Teanga:Spanish
Clibeanna: Cuir clib leis
Níl clibeanna ann, Bí ar an gcéad duine le clib a chur leis an taifead seo!

MARC

LEADER 00000nam a22000007a 4500
003 cru CIDCACS/IIS
005 20190207062530.0
007 ta
008 190206t2005 cl |||||r|||||||| 0 spa |
999 |c 42152  |d 42152 
040 |a cru CIDCACS/IIS 
100 1 |a López, Celso  |9 8304 
245 1 1 |a ¿Qué es un discurso argumentativo razonable?:  |b algunas consideraciones teórico-metodológicas /  |c Celso López 
300 |a páginas 33-45 
942 |2 ddc  |c LI 
773 0 |0 42151  |9 2640  |a Harvey, Anamaría  |d Chile: Ediciones Universidad Católica de Chile, 2005  |o 04011  |t En Torno al discurso:  |z 9561408058